Statistics for lgbt+ pride flags

Click here to take the quiz!

General Stats

  • This quiz has been taken 266 times
  • The average score is 10 of 15

Answer Stats

Answer% Correct
Gay men
100%
Bisexual
99%
Lesbian
97%
Non-binary
96%
Asexual
95%
Transgender
95%
Aromantic
91%
Genderfluid
83%
Genderqueer
75%
LGBT
68%
Abrosexual
40%
Genderflux
21%
Xenogender
18%
Polygender
13%
Sapphic
10%

Score Distribution

Percentile by Number Answered

Percent of People with Each Score

Your Score History

You have not taken this quiz